00522nam a2200169Ia 450000500170000000800410001704000190005804100120007708200160008924500740010526000510017930000100023044000180024050400640025870000200032285000100034220230301141325.0131103s9999 xx 000 0 und d aLoreto College aEnglish a882.08bGRE aGreek Tragedies Vol IIIcedited by David Grene and Richmond Lattimore aChicagobThe University of Chicago Pressc1960 a3 V.  aPhoenix Books aVol. III : The Eumenides, Philoctetes, The Bacchae,Alcestis aGrene,David,ed. aLCLIB